Palavras para subdivisões - Statistics

Estatísticas Gerais
  • Esse quiz foi jogado 34 vezes
  • A pontuação média é 6 de 15
Estatísticas das Respostas
Descrição Subdivisão % Correto
Divisões federais utilizadas no Brasil, nos EUAe no México Estado
96%
O que o Brasil foi até 1822 de Portugal? Colônia
79%
Área urbana do número anterior Cidade
71%
Divisões da subdivisão anterior (no Brasil) Municípios
61%
Divisões da segunda resposta Distritos
46%
Divisões do Império do Brasil e do Canadá Províncias
43%
O que Porto Rico é para os EUA e a Groenlândia é paraa Dinamarca Território
43%
Cidades com grandes populações Metrópoles
39%
Áreas que fazem parte das cidades mas são afastadasdo centro Periferias/Subúrbios
29%
Divisões no Reino Unido e nos EUA Condados
21%
Território liderado por um Bispo dentro da Igreja Católica Diocese
21%
Na Idade Média, era uma cidade emancipadapelo Rei. Na França e na Itália, é a menor subdivisão administrativa. Paris e Manaus já tiveram uma Comuna
18%
Menor subdivisão administrativa de Portugal Concelho
14%
Era a menor divisão administrativa em Portugal, no antigo Império Português e no Império do Brasil, semelhante à paróquia civil dos outros países Freguesia
7%
Nome oficial das colônias espanholas na América Vice-reino
7%
Nenhum quiz correspondente encontrado
Distribuição das Pontuações
Porcentagem de Pessoas com Cada Pontuação
Percentil de Números Respondidos
Sua Pontuação Histórica
Você não jogou esse quiz